00523nam a2200181Ia 4500003000900000008004100009020001800050040001600068080001500084100002000099245008800119260003600207300001300243650002600256650002000282650001900302700002000321IN-BaIIA211028s9999 xx 000 0 eng d a0-13-317439-5 cIIA Library a519.6bPOT aPotts, J. Frank 0aFinite element applications with microcomputerscJ. Walter Oler and J. Frank Potts  aNew JerseybPrentice-Hallc1989 ax, 307p. aFinite element method aFinite elements aMicrocomputers aOler, J. Walter